Swapped Flag Colors Quiz #2 - Statistics

General Stats
  • This quiz has been taken 73 times
  • The average score is 13 of 16
Answer Stats
Picture Answer % Correct
Brazil
100%
Portugal
90%
Seychelles
88%
Taiwan
85%
United States
85%
Lesotho
84%
South Africa
84%
Cuba
82%
Palau
81%
Nauru
79%
Trinidad and Tobago
76%
Rwanda
73%
Togo
73%
Laos
69%
Djibouti
67%
Estonia
66%
No matching quizzes found
Score Distribution
Percent of People with Each Score
Percentile by Number Answered
Your Score History
You have not taken this quiz